Въведение в ракетно-космическата техника (Запис номер 60036)
[ съкратено ]
| 000 -Лидер | |
|---|---|
| Контролно поле с фиксирана дължина | 01534nam a2200325 c 4500 |
| 003 - Код на организацията, давaща контролен номер | |
| Контролно поле | BLK |
| 005 - Дата и час на последна редакция | |
| Контролно поле | 20220421150309.0 |
| 008 - Елементи от данни с фиксирана дължина | |
| fixed length control field | 180408b bul|||||r ||||||| ||bul|| |
| 010 ## - Наследен системен номер | |
| LC control number | KNG00064166000 |
| 040 ## - Източник на каталожния запис | |
| Идентификатор на билиотеката - собственик на записа | BLK |
| 041 ## - Код за език | |
| Код за езика на текст/звукозапис или на отделно заглавие | Български |
| Код за езика КДБФ | Български |
| 080 ## - УДК | |
| Текстов определител УДК | Ракетна техника. Ракети |
| УДК код - определител по УДК | 629.76 |
| УДК - код + определител | 629.76 |
| 080 ## - УДК | |
| Текстов определител УДК | Космическа техника. Космонавтика |
| УДК код - определител по УДК | 629.78 |
| УДК - код + определител | 629.78 |
| 100 1# - Редна дума - Автор | |
| Автор | Михайлов, Владимир Павлович |
| Авторска отговорност | първи автор |
| R(LIN) | 289538 |
| 139 ## - Редно поле | |
| Редна дума | Михайлов, Владимир Павлович и др. |
| Авторски знак | Михаи - М 74 |
| 245 10 - Сведения за заглавието | |
| Заглавие | Въведение в ракетно-космическата техника |
| Подзаглавни данни | Моногр. |
| Редно поле (дума) | Владимир Павлович Михайлов; съавт. Георги Аспарухов. |
| 257 ## - Страна на издаване | |
| Страна на създаване/издаване | България |
| 260 ## - Област на издателските данни | |
| Име на издателя, разпространителя и проч. | Техника |
| Година на издаване | 1982 |
| Печатница | Враца : В. Александров |
| Място на издаване, разпространение и проч. | София |
| 300 ## - Физическа характеристика | |
| Страници | 228 с. |
| Илюстрации и др. | с ил., 4 л. ил., портр. |
| Размери/Мащаб | 24 см |
| 380 ## - Жанр | |
| Жанр | Техника |
| 500 ## - Общи забележки | |
| Забележка | Вторият авт. е известен като Георги Аспарухов. - Кн. е съвместен труд на бълг. и съв. авт. |
| 504 ## - Забележка за наличие на библиография и др | |
| Забележка за наличие на библиография и под. | Библиогр. с. 224-225 |
| 650 #4 - Допълнително описание по предмет – тема | |
| Основно описание – тема или топоним | Космонавтика |
| 9 (RLIN) | 159547 |
| 700 1# - Други автори (авторска отговорност) | |
| Лично име | Аспарухов, Георги |
| Автороска отговорност (Описва отношението между автора и произведението) | съавт. |
| Друга информация | Аврамов, Георги Аспарухов |
| 9 (RLIN) | 289539 |
| 852 ## - Местоположение | |
| Форматна сигнатура | Цб 117062 |
| Фондова буква | Хранилище |
| 856 4# - Електронен адрес и достъп | |
| Електронен формат | pdf - файл |
| 856 4# - Електронен адрес и достъп | |
| Електронен формат | pdf - файл |
| 999 ## - СИСТЕМНИ КОНТРОЛНИ НОМЕРА | |
| Koha biblionumber | 60036 |
| Koha biblioitemnumber | 60036 |
| 942 ## - АРТИКУЛИ | |
| Вид на библиотечния материал | Книги |
| Скрит в OPAC | Не |
| Периодичен библиозапис | Да |
| 944 ## - СЪЗДАВАНЕ И РЕДАКЦИЯ на ЗАПИСА | |
| Създаване/Редакция | Създаване |
| Дата на регистрацията/редакция | 13.06.2004 |
| Служител, извършил регистрацията/редакцията | Геновева_Генчева |
| 944 ## - СЪЗДАВАНЕ И РЕДАКЦИЯ на ЗАПИСА | |
| Създаване/Редакция | Редакция |
| Дата на регистрацията/редакция | 01.07.2008 |
| 944 ## - СЪЗДАВАНЕ И РЕДАКЦИЯ на ЗАПИСА | |
| Създаване/Редакция | Редакция |
| Дата на регистрацията/редакция | 2022-04-21 |
| 999 ## - СИСТЕМНИ КОНТРОЛНИ НОМЕРА | |
| Koha biblioitemnumber | 60036 |
| Код за отписване | Код за изгубен артикул | Източник на класификационната схема | Код за повреда | Коз за рестрикции | Код за отдаване | Артикулен № | Име на библиотеката - собственик | Име на библиотеката, в която се намира в момента | Статус (Текущо местоположение) | Дата на вписване в системата | Местоположение - отдел | Цена в лева | Инвентарен номер | Систематично азбучна сигнатура | Баркод | Номер на екземпляра | Цена в евро | Служебна бележка | Служебен тип на артикула |
|---|---|---|---|---|---|---|---|---|---|---|---|---|---|---|---|---|---|---|---|
| Не е изгубен | Universal Decimal Classification | Не е повреден | без рестрикции | ползва се в читалня | 98535 | Регионална библиотека "Любен Каравелов" Русе | Регионална библиотека "Любен Каравелов" Русе | Читалня | 1993-01-01 | Читалня | 2.58 | 363176 | Ч 629.7/М 74 | 120000363176 | 1 | 1.32 | Дата инв: 24.03.2017 Бележки инв: Ч2017 | Книги | |
| Не е изгубен | Universal Decimal Classification | Не е повреден | само за читалня | ползва се в читалня | 882846 | Регионална библиотека "Любен Каравелов" Русе | Регионална библиотека "Любен Каравелов" Русе | Хранилище | 2022-04-29 | Хранилище | 2.58 | 361416 | Цб 117062 | 120000361416 | 1.32 | Книги |